000 00480nam a22001817a 4500
003 MPLRDC
005 20220104125735.0
008 210129b ||||| |||| 00| 0 eng d
082 _a427.25 XQSM
100 _a新崎盛敏等著
245 _a美肌黑发的海草食谱
_c
250 _a初版
260 _a
_b出版家文化事业有限公
_c1980
300 _b
490 _a出版家彩色实用丛书. 16
650 _a海产类烹调法
942 _cBK
_o427.25 XQSM
999 _c29760
_d29750